Statistics for US States With Longest Wikipedia Articles

Click here to take the quiz!

General Stats

  • This quiz has been taken 50 times
  • The average score is 6 of 10

Answer Stats

RankStateWords% Correct
6California22,070
100%
10New York19,836
98%
1Texas23,695
98%
7Florida21,402
93%
5Virginia22,466
76%
9Hawaii20,070
52%
4New Jersey23,060
52%
8Louisiana20,656
39%
3Vermont23,582
15%
2Montana23,683
13%

Score Distribution

Percentile by Number Answered

Percent of People with Each Score

Your Score History

You have not taken this quiz